Fertilización y contenido de nitrato en lechuga de ciclo inverno primaveral al aire libre en la región hortícola de Bahía Blanca /

Guardado en:
Autor Principal: Villalba, Santiago.
Autor Corporativo: Universidad Nacional del Sur. Departamento de Agronomía.
Otros Autores: Rodríguez, Roberto A., (tutor.)
Formato: Libro
Idioma:Spanish
Publicado: Bahía Blanca, 2006.
Etiquetas: Agregar Etiqueta
Sin Etiquetas, Sea el primero en etiquetar este registro!
LEADER 00771nam a22001695a 4500
001 EEA.libagro007553
005 20170515104047.0
008 130809s2006####ag#a##########000#0#spa#d
082 0 4 |a 635.5289 
100 1 |a Villalba, Santiago. 
245 1 0 |a Fertilización y contenido de nitrato en lechuga de ciclo inverno primaveral al aire libre en la región hortícola de Bahía Blanca /  |c Santiago Villalba. 
260 |a Bahía Blanca,  |c 2006. 
300 |a 44 h. :  |b il. ;  |c 30 cm. 
500 |a Trabajo de intensificación (Ingeniero Agrónomo) -- Universidad Nacional del Sur. Departamento de Agronomía, 2006. 
700 1 |a Rodríguez, Roberto A.,  |e tutor. 
710 2 |a Universidad Nacional del Sur.  |b Departamento de Agronomía. 
859 |a AR-BbBCA  |b BIB. AGRONOMIA  |h 635.5289  |i V714  |p 2006/4942